Kierowcy F1 A-Z (2010-2023) - Statystyki

Ogólne statystyki
  • Ten quiz został rozwiązany 1 034 razy
    398 od ostatniego zresetowania
  • Średni wynik to 13 z 21
Statystyki odpowiedzi
Litera Kierowca % Poprawnych
A Jack Aitken | Alexander Albon | Jaime Alguersuari | Fernando Alonso | Kimi Antonelli
94%
B Rubens Barrichello | Jules Bianchi | Valtteri Bottas | Sebastien Buemi | Jenson Button | Oliver Bearman | Gabriel Bortoleto
94%
H Lewis Hamilton | Brendon Hartley | Rio Haryanto | Nick Heidfeld | Nico Hulkenberg | Isack Hadjar
93%
S Carlos Sainz | Logan Sargeant | Michael Schumacher | Mick Schumacher | Bruno Senna | Siergiej Sirotkin | Will Stevens | Lance Stroll | Adrian Sutil
89%
V Giedo van der Garde | Stoffel Vandoorne | Jean-Eric Vergne | Max Verstappen | Sebastian Vettel
87%
R Kimi Raikkonen | Daniel Ricciardo | Nico Rosberg | Alexander Rossi | George Russell
84%
K Narain Karthikeyan | Christian Klien | Kamui Kobayashi | Heikki Kovalainen | Robert Kubica | Daniił Kwiat
80%
L Nicholas Latifi | Charles Leclerc | Vitantonio Liuzzi | Andre Lotterer | Liam Lawson
80%
P Jolyon Palmer | Sergio Perez | Oscar Piastri | Charles Pic | Witalij Pietrow
79%
M Kevin Magnussen | Pastor Maldonado | Felipe Massa | Nikita Mazepin | Roberto Merhi
70%
N Felipe Nasr | Lando Norris
67%
G Pierre Gasly | Timo Glock | Romain Grosjean | Esteban Gutierrez
67%
O Esteban Ocon
62%
T Jarno Trulli | Yuki Tsunoda
54%
C Karun Chandhok | Max Chilton | Franco Colapinto
40%
W Mark Webber | Pascal Wehrlein
36%
D Jerome D'Ambrosio | Pedro de la Rosa | Nyck De Vries | Lucas Di Grassi | Paul Di Resta | Jack Doohan
31%
Z Zhou Guanyu
30%
F Pietro Fittipaldi
20%
E Marcus Ericsson
15%
Y Sakon Yamamoto
7%
Nie znaleziono quizów pasujących do podanych kryteriów
Rozkład punktacji
Procent ludzi z każdym wynikiem
Percentyl według liczby udzielonych odpowiedzi
Twoja historia wyników
Nie rozwiązałeś tego quizu od ostatniego zresetowania